000 00626nam a2200193Ia 4500
003 GCL
005 20240530105223.0
008 140319s9999 xx 000 0 ara d
040 _aGCL /
_cGCL
082 0 4 _a347.08
_bم ش
100 1 _aمحمد زكى ابوعامر
245 1 0 _aشائبة الخطأ فى الحكم الجنائى /
_cمحمد زكى ابوعامر
260 _a[S.N] :
_bدار المطبوعات الجامعية ،
_c1985
300 _a500 ص
650 0 4 _aالقانون
650 0 4 _aقانون العقوبات
650 0 4 _aقانون الاجراءات الجنائية
942 _2ddc
_cBK
999 _c54054
_d54054